Hombres sin trabajo (Record no. 25704)

MARC details
000 -LEADER
campo de control de longitud fija 00890nam a2200265 i 4500
001 - NÚMERO DE CONTROL
campo de control 25704
003 - IDENTIFICADOR DE NÚMERO DE CONTROL
campo de control ES-MaACL
005 - FECHA Y HORA DE LA ÚLTIMA TRANSACCIÓN
campo de control 20250808004241.0
007 - CAMPO FIJO DE DESCRIPCIÓN FÍSICA--INFORMACIÓN GENERAL
campo de control de longitud fija t|
008 - DATOS DE LONGITUD FIJA--INFORMACIÓN GENERAL
campo de control de longitud fija 030102s1961 sp f |||| | spa d
080 ## - NÚMERO DE LA CLASIFICACIÓN DECIMAL UNIVERSAL
Número de la Clasificación Decimal Universal 338(100)(04)
080 ## - NÚMERO DE LA CLASIFICACIÓN DECIMAL UNIVERSAL
Número de la Clasificación Decimal Universal 338.98(100)(04)
100 1# - ENTRADA PRINCIPAL--NOMBRE DE PERSONA
Nombre de persona Ardant, Gabriel.
9 (RLIN) 22525
245 10 - MENCIÓN DEL TÍTULO
Título Hombres sin trabajo
Resto del título : tierras por trabajar /
Mención de responsabilidad, etc. Gabriel Ardant ; [traducido por Antonio Jutglar].
246 33 - FORMA VARIANTE DEL TITULO
Texto de visualización Trad. de
Título propio/Titulo breve Le monde en friche
260 ## - PUBLICACIÓN, DISTRIBUCIÓN, ETC.
Lugar de publicación, distribución, etc. Barcelona :
Nombre del editor, distribuidor, etc. Nova Terra,
Fecha de publicación, distribución, etc. [1961]
300 ## - DESCRIPCIÓN FÍSICA
Extensión 382 p., 6 lám. ;
Dimensiones 22 cm.
490 1# - MENCIÓN DE SERIE
Mención de serie El mundo y los hombres
650 #4 - PUNTO DE ACCESO ADICIONAL DE MATERIA--TÉRMINO DE MATERIA
Término de materia o nombre geográfico como elemento de entrada Desarrollo económico-
Subdivisión geográfica Países en desarrollo.
9 (RLIN) 161758
651 #4 - PUNTO DE ACCESO ADICIONAL DE MATERIA--NOMBRE GEOGRÁFICO
Nombre geográfico Países en desarrollo-
Subdivisión general Situación económica.
9 (RLIN) 9186
700 1# - ENTRADA AGREGADA--NOMBRE PERSONAL
Nombre de persona Jutglar, Antoni.
9 (RLIN) 67368
830 03 - PUNTO DE ACCESO ADICIONAL DE SERIE-TÍTULO UNIFORME
Título uniforme El mundo y los hombres
9 (RLIN) 181466
852 ## - LOCALIZACIÓN
Ubicación ES-MaACL
Número de control de estantería C-21175
Holdings
Estatus retirado Estado de pérdida Estado de daño No para préstamo Biblioteca de origen Biblioteca actual Ubicación en estantería Fecha de adquisición Fuente de adquisición Total de préstamos Signatura topográfica completa Código de barras Visto por última vez Precio de reemplazo Tipo de ítem Koha
        Biblioteca del Ateneo de Madrid Biblioteca del Ateneo de Madrid Galería 17/01/2008     C-21175 1026509 23/02/2023 23/02/2023 Libro impreso